Otto Zweig a Rudolf Wiesner
| Titel: | Otto Zweig a Rudolf Wiesner : sonda do života dvou moravských skladatelů na základě rukopisů uložených ve fondu Moravské zemské knihovny v Brně / Michaela Běhanová |
|---|---|
| Verfasser: | |
| Ausgabe: | 1. vydání |
| Veröffentlicht: | Brno : Moravská zemská knihovna, 2018 |
| Umfang: | 155 Seiten, 31 ungezählte Seiten Bildtafeln : Illustrationen, Porträts, Notenbeispiele (überwiegend farbig) ; 25 cm |
| Format: | Buch |
| Sprache: | Tschechisch; Deutsch |
| ISBN: | 9788070512661 ; 8070512660 |
| Hinweise zum Inhalt: |
Inhaltsverzeichnis
Abstract Literaturverzeichnis Register // Personenregister |
alg: 47284604 001A $03004:23-11-20 001B $03004:16-03-21 $t12:43:26.000 001D $03004:15-03-21 001U $0utf8 001X $00 002@ $0Aau 002C $aText $btxt $2rdacontent 002D $aohne Hilfsmittel zu benutzen $bn $2rdamedia 002E $aBand $bnc $2rdacarrier 003@ $0472846043 004A $A978-80-7051-266-1 004A $080-7051-266-0 006C $01108309216 $aOCoLC 007A $0BV046042664 $aBVB 009P $qapplication/pdf $3Inhaltsverzeichnis $uhttp://bvbr.bib-bvb.de:8991/F?func=service&doc_library=BVB01&local_base=BVB01&doc_number=031424337&sequence=000001&line_number=0001&func_code=DB_RECORDS&service_type=MEDIA $mDigitalisierung BSB München 19 - ADAM Catalogue Enrichment 009P $qapplication/pdf $3Abstract $uhttp://bvbr.bib-bvb.de:8991/F?func=service&doc_library=BVB01&local_base=BVB01&doc_number=031424337&sequence=000003&line_number=0002&func_code=DB_RECORDS&service_type=MEDIA $mDigitalisierung BSB München 19 - ADAM Catalogue Enrichment 009P $qapplication/pdf $3Literaturverzeichnis $uhttp://bvbr.bib-bvb.de:8991/F?func=service&doc_library=BVB01&local_base=BVB01&doc_number=031424337&sequence=000005&line_number=0003&func_code=DB_RECORDS&service_type=MEDIA $mDigitalisierung BSB München 19 - ADAM Catalogue Enrichment 009P $qapplication/pdf $3Register // Personenregister $uhttp://bvbr.bib-bvb.de:8991/F?func=service&doc_library=BVB01&local_base=BVB01&doc_number=031424337&sequence=000007&line_number=0004&func_code=DB_RECORDS&service_type=MEDIA $mDigitalisierung BSB München 19 - ADAM Catalogue Enrichment 010@ $acze $ager 010E $erda 011@ $a2018 $n2018 013D $RBiograf $RLebenslauf $RBiografik $#Biographies $#Biography $#Biographies -- Histoire et critique $#Biographie $#Biographisches Nachschlagewerk $#Lebensbeschreibung $#Berühmte Persönlichkeit Biografie $#Biografisches Nachschlagewerk $74006804-3 $8Biografie [Ts1] $9085010375 013D $#Werkkatalog $#Oeuvrekatalog $#Oeuvre-Verzeichnis $#Thematischer Katalog Formschlagwort $#Thematisches Verzeichnis Formschlagwort $74189680-4 $8Werkverzeichnis [Ts1] $9085937487 021A $aOtto Zweig a Rudolf Wiesner $dsonda do života dvou moravských skladatelů na základě rukopisů uložených ve fondu Moravské zemské knihovny v Brně $hMichaela Běhanová 028A $BVerfasser $4aut $8Běhanová, Michaela$Z1988- [Tp3] $945065396X 032@ $a1. vydání 033A $pBrno $nMoravská zemská knihovna 034D $a155 Seiten, 31 ungezählte Seiten Bildtafeln 034I $a25 cm 034M $aIllustrationen, Porträts, Notenbeispiele (überwiegend farbig) 044K $8Zweig, Otto$Z1874-1942 [Tp1] $9450969169 044K $8Wiesner, Rudolf$Z1876-1945 [Tp1] $9450969916 044K $RStátní vědecká knihovna $#Biblioteca del Paese Moravo $#Biblioteca Provincial de Moravia $#Bibliothèque du Pays Morave $#Moravská Zemská Knižnica $#Moravskaja Oblastnaja Biblioteka $#Morawa Wojewódzka Biblioteka $#Morvaföldi Könyvtár $#Zemská Knihovna $#Mährische Landesbibliothek $#Landesbibliothek Brünn $#Moravian Library $#Moravian Provincial Library $#Provincial Library Brünn $#Mährische Landesbibliothek Universitätsbibliothek $#Moravská Zemská Knihovna Univerzitní Knihovna $#MZK $75321706-8 $8Moravská Zemská Knihovna [Tb1] $9072156198 045F $a780.9437209034 $eDDC23BSB 045F/01 $a780.9 045F/03 $f09034 045F/03 $f0904 045F/03 $g4372 045F/03 $g4371 045R $aGeschichte 1900-1945 045T $aMUS $qDE-12 $2FID 046L $aText tschechisch, teilweise deutsch ; Zusammenfassung auf Englisch lok: 47284604 24 exp: 47284604 24 1 #EPN 201B/01 $023-02-24 $t12:01:24.000 201C/01 $023-11-20 201U/01 $0utf8 203@/01 $01131094891 208@/01 $a16-03-21 $bz 209A/01 $aMus 4745 $du $f050 $hMus 4745 $x00 209C/01 $a21.01239 T $h21 01239 T 209G/01 $a74141854 $x00 220C/01 $akon / sbl 247C/01 $8358050-7Marburg, Bibliothek des Herder-Instituts Marburg $9102600961 lok: 47284604 78 exp: 47284604 78 1 #EPN 201B/01 $025-06-21 $t12:05:32.000 201C/01 $025-06-21 201U/01 $0utf8 203@/01 $01159621802 208@/01 $a25-06-21 $be 209A/01 $a/ $f000 $x00 209A/01 $ab*p $x01 220C/01 $apgar 244Z/01 $#Böhmische Kronländer $#Länder der Böhmischen Krone $#Sudetenland $#Böhmen $#Mähren $#Mährisch-Schlesien $#Österreichisch-Schlesien $#Tschechische Sozialistische Republik Böhmische Länder $#Tschechei Böhmische Länder $#Země koruny české $74069573-6 $8--Tg1--Böhmische Länder $x01 $9085195553 247C/01 $82080>Marburg/Lahn, Herder-Institut, Forschungsbibliothek, Bibliographieportal $9336309341
| LEADER | 00000cam a2200000 c 4500 | ||
|---|---|---|---|
| 001 | 472846043 | ||
| 003 | DE-603 | ||
| 005 | 20210316124326.0 | ||
| 007 | tu | ||
| 008 | 201123s2018 xx |||| | u00||u|cze c | ||
| 020 | |a 9788070512661 | ||
| 020 | |a 8070512660 | ||
| 035 | |a (DE-599)BVBBV046042664 | ||
| 040 | |a DE-603 |b ger |c DE-603 |d DE-603 |e rda | ||
| 041 | |a cze |a ger | ||
| 082 | 0 | 4 | |8 1\u |a 780.9437209034 |q DE-101 |2 23/BSB |
| 084 | |a MUS |q DE-12 |2 fid | ||
| 085 | |8 1\u |b 780.9 | ||
| 085 | |8 1\u |z 1 |s 09034 | ||
| 085 | |8 1\u |z 1 |s 0904 | ||
| 085 | |8 1\u |z 2 |s 4372 | ||
| 085 | |8 1\u |z 2 |s 4371 | ||
| 100 | 1 | |a Běhanová, Michaela |d 1988- |e Verfasser |4 aut |0 (DE-603)45065396X |0 (DE-588)119024277X |2 gnd | |
| 245 | 0 | 0 | |a Otto Zweig a Rudolf Wiesner |b sonda do života dvou moravských skladatelů na základě rukopisů uložených ve fondu Moravské zemské knihovny v Brně |c Michaela Běhanová |
| 250 | |a 1. vydání | ||
| 264 | 1 | |a Brno |b Moravská zemská knihovna |c 2018 | |
| 300 | |a 155 Seiten, 31 ungezählte Seiten Bildtafeln |b Illustrationen, Porträts, Notenbeispiele (überwiegend farbig) |c 25 cm | ||
| 336 | |a Text |b txt |2 rdacontent | ||
| 337 | |a ohne Hilfsmittel zu benutzen |b n |2 rdamedia | ||
| 338 | |a Band |b nc |2 rdacarrier | ||
| 546 | |a Text tschechisch, teilweise deutsch ; Zusammenfassung auf Englisch | ||
| 600 | 1 | 7 | |a Zweig, Otto |d 1874-1942 |0 (DE-588)1191114643 |0 (DE-603)450969169 |2 gnd |
| 600 | 1 | 7 | |a Wiesner, Rudolf |d 1876-1945 |0 (DE-588)1191115917 |0 (DE-603)450969916 |2 gnd |
| 610 | 1 | 7 | |a Moravská Zemská Knihovna |2 gnd |0 (DE-588)5321706-8 |0 (DE-603)072156198 |
| 648 | 7 | |a Geschichte 1900-1945 |2 gnd | |
| 655 | 7 | |a Biografie |2 gnd-content |0 (DE-588)4006804-3 |0 (DE-603)085010375 | |
| 655 | 7 | |a Werkverzeichnis |2 gnd-content |0 (DE-588)4189680-4 |0 (DE-603)085937487 | |
| 856 | 4 | 2 | |m Digitalisierung BSB München 19 - ADAM Catalogue Enrichment |q application/pdf |u http://bvbr.bib-bvb.de:8991/F?func=service&doc_library=BVB01&local_base=BVB01&doc_number=031424337&sequence=000001&line_number=0001&func_code=DB_RECORDS&service_type=MEDIA |3 Inhaltsverzeichnis |
| 856 | 4 | 2 | |m Digitalisierung BSB München 19 - ADAM Catalogue Enrichment |q application/pdf |u http://bvbr.bib-bvb.de:8991/F?func=service&doc_library=BVB01&local_base=BVB01&doc_number=031424337&sequence=000003&line_number=0002&func_code=DB_RECORDS&service_type=MEDIA |3 Abstract |
| 856 | 4 | 2 | |m Digitalisierung BSB München 19 - ADAM Catalogue Enrichment |q application/pdf |u http://bvbr.bib-bvb.de:8991/F?func=service&doc_library=BVB01&local_base=BVB01&doc_number=031424337&sequence=000005&line_number=0003&func_code=DB_RECORDS&service_type=MEDIA |3 Literaturverzeichnis |
| 856 | 4 | 2 | |m Digitalisierung BSB München 19 - ADAM Catalogue Enrichment |q application/pdf |u http://bvbr.bib-bvb.de:8991/F?func=service&doc_library=BVB01&local_base=BVB01&doc_number=031424337&sequence=000007&line_number=0004&func_code=DB_RECORDS&service_type=MEDIA |3 Register // Personenregister |
| 924 | 0 | |9 Mb 50 |a (DE-603)1131094891 |b DE-Mb50 |c HES |d c |g Mus 4745 | |
| 924 | 0 | |9 2080 |a (DE-603)1159621802 |b DE-2080 |c HES |d d |g / | |


